Größte Gemeinden im Hausruckviertel - Statistiken

Allgemein
  • Dieses Quiz wurde 39 mal gespielt
  • Das Durchschnittsergebnis liegt bei 13 aus 20
Antwortstatistiken
Einwohner Bezirk Gemeinde % Korrekt
62.470 Wels Wels
100%
4.259 Eferding Eferding
89%
4.987 Grieskirchen Grieskirchen
89%
12.378 Vöcklabruck Vöcklabruck
89%
9.100 Vöcklabruck Attnang-Puchheim
85%
14.070 Wels-Land Marchtrenk
78%
4.407 Vöcklabruck Schwanenstadt
78%
6.004 Eferding Alkoven
70%
6.691 Vöcklabruck Regau
67%
4.987 Wels-Land Stadl-Paura
67%
4.210 Grieskirchen Bad Schallerbach
59%
4.900 Vöcklabruck Frankenburg am Hausruck
59%
5.219 Vöcklabruck Lenzing
59%
5.854 Vöcklabruck Timelkam
59%
5.108 Vöcklabruck Vöcklamarkt
56%
6.280 Wels-Land Gunskirchen
52%
4.650 Grieskirchen Peuerbach
52%
5.530 Wels-Land Thalheim bei Wels
48%
5.669 Vöcklabruck Seewalchen am Attersee
41%
4.455 Vöcklabruck St. Georgen im Attergau
26%
Keine übereinstimmenden Quizze gefunden
Verteilung der Resultate
Anzahl Personen mit jedem Resultat
Perzentil nach korrekt beantworteten Fragen
Ihre Resultats-Entwicklung
Sie haben dieses Quiz noch nicht gespielt